[Event "DVM U14w 2014"]
[Site "Regensburg GER"]
[Date "2014.12.28"]
[Round "3"]
[White "Nguyen, Ha Thanh"]
[Black "Moses, Selina"]
[Result "0-1"]
[Termination "normal"]
[Board "1.1"]
[WhiteElo "1657"]
[BlackElo "1827"]
[WhiteClock "00:12:00"]
[BlackClock "00:23:18"]
[WhiteTeam "SV Empor Erfurt"]
[BlackTeam "SV Muldental Wilkau-Haßlau"]
[PlyCount "104"]
[WhiteFideId "12942154"]
[BlackFideId "12908070"]
[EventCountry "GER"]
[EventRounds "7"]
[EventType "team-swiss"]
[EventDate "2014.12.26"]

1. e4 {[%clk 1:30:58]} c5 {[%clk 1:30:54]} 2. Nf3 {[%clk 1:31:24]} d6 {[%clk
1:31:18]} 3. d4 {[%clk 1:31:48]} cxd4 {[%clk 1:31:42]} 4. Nxd4 {[%clk 1:32:13]}
Nf6 {[%clk 1:32:04]} 5. Nc3 {[%clk 1:32:35]} a6 {[%clk 1:32:26]} 6. Be2 {[%clk
1:32:57]} e6 {[%clk 1:32:34]} 7. Be3 {[%clk 1:33:19]} Qc7 {[%clk 1:32:34]} 8.
g4 {[%clk 1:33:01]} b5 {[%clk 1:30:56]} 9. g5 {[%clk 1:30:02]} Nfd7 {[%clk
1:31:16]} 10. a3 {[%clk 1:29:07]} Bb7 {[%clk 1:31:24]} 11. f3 {[%clk 1:20:28]}
Nb6 {[%clk 1:28:30]} 12. Qd2 {[%clk 1:10:39]} N8d7 {[%clk 1:24:56]} 13. Nb3
{[%clk 0:59:40]} Nc4 {[%clk 1:19:05]} 14. Bxc4 {[%clk 0:59:47]} bxc4 {[%clk
1:19:30]} 15. Nd4 {[%clk 0:59:56]} Rb8 {[%clk 1:08:07]} 16. Rb1 {[%clk
0:59:05]} Nb6 {[%clk 1:05:51]} 17. Qf2 {[%clk 0:45:25]} Ba8 {[%clk 0:56:09]}
18. Qg3 {[%clk 0:35:10]} Nd7 {[%clk 0:47:51]} 19. Kd2 {[%clk 0:28:15]} Nc5
{[%clk 0:42:27]} 20. Bf2 {[%clk 0:23:21]} Qa5 {[%clk 0:29:44]} 21. Ke2 {[%clk
0:15:45]} Be7 {[%clk 0:22:44]} 22. h4 {[%clk 0:13:27]} Rc8 {[%clk 0:14:21]} 23.
Rhe1 {[%clk 0:12:55]} Na4 {[%clk 0:13:57]} 24. Nd1 {[%clk 0:09:58]} O-O {[%clk
0:10:15]} 25. Kf1 {[%clk 0:09:23]} Rb8 {[%clk 0:09:26]} 26. h5 {[%clk 0:08:31]}
Qxg5 {[%clk 0:09:12]} 27. Qxg5 {[%clk 0:08:01]} Bxg5 {[%clk 0:09:36]} 28. Bg3
{[%clk 0:07:49]} Rbd8 {[%clk 0:07:18]} 29. Kg2 {[%clk 0:04:37]} Bf6 {[%clk
0:06:32]} 30. Ne2 {[%clk 0:04:35]} d5 {[%clk 0:06:15]} 31. e5 {[%clk 0:04:12]}
Be7 {[%clk 0:06:41]} 32. Bf2 {[%clk 0:02:52]} Bc5 {[%clk 0:06:14]} 33. Bxc5
{[%clk 0:03:11]} Nxc5 {[%clk 0:06:39]} 34. Nd4 {[%clk 0:03:28]} Rfe8 {[%clk
0:06:23]} 35. Kh3 {[%clk 0:02:31]} f6 {[%clk 0:06:28]} 36. exf6 {[%clk
0:02:31]} gxf6 {[%clk 0:06:52]} 37. Rg1+ {[%clk 0:02:16]} Kf7 {[%clk 0:07:16]}
38. h6 {[%clk 0:02:16]} Rg8 {[%clk 0:07:41]} 39. Ne3 {[%clk 0:02:18]} e5 {[%clk
0:06:16]} 40. Ndf5 {[%clk 0:02:26]} Ne6 {[%clk 0:03:46]} 41. Kh2 {[%clk
0:25:39]} Ng5 {[%clk 0:33:24]} 42. Rgf1 {[%clk 0:24:29]} d4 {[%clk 0:29:09]}
43. Nxc4 {[%clk 0:23:50]} Nxf3+ {[%clk 0:29:32]} 44. Kh3 {[%clk 0:23:28]} Rg5
{[%clk 0:29:45]} 45. Ng7 {[%clk 0:20:25]} Rg6 {[%clk 0:29:31]} 46. Nf5 {[%clk
0:20:35]} Rdg8 {[%clk 0:29:44]} 47. Rbd1 {[%clk 0:18:05]} Ke6 {[%clk 0:24:18]}
48. Ng7+ {[%clk 0:17:39]} Ke7 {[%clk 0:22:34]} 49. Nf5+ {[%clk 0:17:54]} Kf7
{[%clk 0:22:54]} 50. Rd3 {[%clk 0:12:22]} Ng1+ {[%clk 0:22:35]} 51. Kh4 {[%clk
0:12:01]} Rg4+ {[%clk 0:22:57]} 52. Kh5 {[%clk 0:12:00]} R8g5# {[%clk 0:23:18]}
0-1

[Event "DVM U14w 2014"]
[Site "Regensburg GER"]
[Date "2014.12.28"]
[Round "3"]
[White "Simon, Tessa"]
[Black "Schulz, Theresa Charlotte"]
[Result "1-0"]
[Termination "normal"]
[Board "1.2"]
[WhiteElo "1831"]
[BlackElo "1659"]
[WhiteClock "00:06:02"]
[BlackClock "00:24:47"]
[WhiteTeam "SV Muldental Wilkau-Haßlau"]
[BlackTeam "SV Empor Erfurt"]
[PlyCount "59"]
[WhiteFideId "12929395"]
[BlackFideId "12952206"]
[EventCountry "GER"]
[EventRounds "7"]
[EventType "team-swiss"]
[EventDate "2014.12.26"]

1. e4 {[%clk 1:30:59]} c5 {[%clk 1:30:57]} 2. Nf3 {[%clk 1:31:19]} Nc6 {[%clk
1:31:23]} 3. d4 {[%clk 1:31:43]} cxd4 {[%clk 1:31:48]} 4. Nxd4 {[%clk 1:32:06]}
g6 {[%clk 1:32:14]} 5. Nc3 {[%clk 1:32:27]} Bg7 {[%clk 1:32:38]} 6. Be3 {[%clk
1:32:48]} Nf6 {[%clk 1:33:02]} 7. Bc4 {[%clk 1:32:54]} Qa5 {[%clk 1:33:27]} 8.
O-O {[%clk 1:32:53]} O-O {[%clk 1:33:50]} 9. Bb3 {[%clk 1:33:02]} d6 {[%clk
1:33:46]} 10. h3 {[%clk 1:31:05]} Bd7 {[%clk 1:31:58]} 11. Re1 {[%clk 1:29:36]}
Nxd4 {[%clk 1:28:29]} 12. Bxd4 {[%clk 1:29:45]} Bc6 {[%clk 1:28:54]} 13. Nd5
{[%clk 1:15:25]} Bxd5 {[%clk 1:22:02]} 14. exd5 {[%clk 1:13:58]} Rfe8 {[%clk
1:20:47]} 15. Qf3 {[%clk 1:09:20]} Nd7 {[%clk 1:12:48]} 16. Bxg7 {[%clk
1:04:33]} Kxg7 {[%clk 1:13:08]} 17. c3 {[%clk 1:03:50]} Nc5 {[%clk 1:08:39]}
18. Bc2 {[%clk 0:59:06]} Nd7 {[%clk 0:59:57]} 19. Re4 {[%clk 0:30:21]} f6
{[%clk 0:48:53]} 20. Qe3 {[%clk 0:17:32]} Kf7 {[%clk 0:44:10]} 21. Qh6 {[%clk
0:15:26]} Rh8 {[%clk 0:39:25]} 22. Rxe7+ {[%clk 0:14:28]} Kxe7 23. Qg7+ {[%clk
0:14:43]} Ke8 {[%clk 0:35:08]} 24. Qxh8+ {[%clk 0:14:44]} Nf8 {[%clk 0:35:16]}
25. Qxf6 {[%clk 0:13:48]} Qxd5 {[%clk 0:28:08]} 26. Bb3 {[%clk 0:09:14]} Qf5
{[%clk 0:27:53]} 27. Qxd6 {[%clk 0:07:22]} Nd7 {[%clk 0:26:07]} 28. Re1+ {[%clk
0:07:04]} Kd8 {[%clk 0:26:28]} 29. Be6 {[%clk 0:06:25]} Qb5 {[%clk 0:24:47]}
30. Rd1 {[%clk 0:06:02]} 1-0

[Event "DVM U14w 2014"]
[Site "Regensburg GER"]
[Date "2014.12.28"]
[Round "3"]
[White "Rieger, Lotta"]
[Black "Fromm, Katja"]
[Result "0-1"]
[Termination "normal"]
[Board "1.3"]
[WhiteElo "1462"]
[BlackElo "1597"]
[WhiteClock "00:11:26"]
[BlackClock "01:04:05"]
[WhiteTeam "SV Empor Erfurt"]
[BlackTeam "SV Muldental Wilkau-Haßlau"]
[PlyCount "100"]
[WhiteFideId "12964620"]
[BlackFideId "12929409"]
[EventCountry "GER"]
[EventRounds "7"]
[EventType "team-swiss"]
[EventDate "2014.12.26"]

1. e4 {[%clk 1:30:58]} c6 {[%clk 1:30:56]} 2. d4 {[%clk 1:31:20]} d5 {[%clk
1:31:21]} 3. exd5 {[%clk 1:31:47]} cxd5 {[%clk 1:31:42]} 4. Bd3 {[%clk
1:32:13]} Nc6 {[%clk 1:31:54]} 5. c3 {[%clk 1:32:41]} Nf6 {[%clk 1:31:34]} 6.
h3 {[%clk 1:33:07]} e6 {[%clk 1:31:40]} 7. Nf3 {[%clk 1:33:26]} Bd6 {[%clk
1:31:58]} 8. Bg5 {[%clk 1:33:36]} Bd7 {[%clk 1:30:27]} 9. Nbd2 {[%clk 1:32:47]}
h6 {[%clk 1:30:37]} 10. Bh4 {[%clk 1:31:09]} Qe7 {[%clk 1:30:19]} 11. Qe2
{[%clk 1:28:55]} g5 {[%clk 1:26:11]} 12. Bg3 {[%clk 1:28:45]} Bxg3 {[%clk
1:26:33]} 13. fxg3 {[%clk 1:29:06]} Nh5 {[%clk 1:26:43]} 14. Qf2 {[%clk
1:20:11]} e5 {[%clk 1:23:57]} 15. dxe5 {[%clk 1:20:18]} Nxe5 {[%clk 1:24:17]}
16. Nxe5 {[%clk 1:10:51]} Qxe5+ {[%clk 1:24:40]} 17. Qe2 {[%clk 1:11:06]} Qxe2+
{[%clk 1:24:49]} 18. Bxe2 {[%clk 1:11:27]} Nxg3 {[%clk 1:25:00]} 19. Rg1 {[%clk
1:11:29]} Nxe2 {[%clk 1:24:41]} 20. Kxe2 {[%clk 1:11:56]} O-O-O {[%clk
1:24:31]} 21. Nf3 {[%clk 1:08:45]} Rde8+ {[%clk 1:23:21]} 22. Kd2 {[%clk
1:08:54]} Re4 {[%clk 1:22:15]} 23. Nd4 {[%clk 1:07:08]} f5 {[%clk 1:21:41]} 24.
Rgf1 {[%clk 1:05:47]} f4 {[%clk 1:21:47]} 25. Rf3 {[%clk 1:04:54]} Rhe8 {[%clk
1:21:38]} 26. Raf1 {[%clk 1:02:04]} a6 {[%clk 1:21:00]} 27. a3 {[%clk 0:30:25]}
h5 {[%clk 1:20:33]} 28. h4 {[%clk 0:28:32]} Bg4 {[%clk 1:17:19]} 29. R3f2
{[%clk 0:28:40]} gxh4 {[%clk 1:17:17]} 30. Rxf4 {[%clk 0:28:38]} h3 {[%clk
1:17:23]} 31. gxh3 {[%clk 0:28:48]} Bxh3 {[%clk 1:17:46]} 32. R1f2 {[%clk
0:24:08]} Bg4 {[%clk 1:16:43]} 33. Rf8 {[%clk 0:20:29]} h4 {[%clk 1:10:55]} 34.
Rxe8+ {[%clk 0:20:41]} Rxe8 {[%clk 1:11:17]} 35. Rf4 {[%clk 0:20:56]} Rg8
{[%clk 1:11:33]} 36. Ke3 {[%clk 0:20:07]} h3 {[%clk 1:10:54]} 37. Kf2 {[%clk
0:20:08]} Bd7 {[%clk 1:11:08]} 38. Nf3 {[%clk 0:18:10]} Rg2+ {[%clk 1:10:48]}
39. Ke3 {[%clk 0:15:32]} Rxb2 {[%clk 1:09:12]} 40. Rh4 {[%clk 0:15:38]} Ra2
{[%clk 1:09:05]} 41. Kd4 {[%clk 0:15:46]} Rxa3 {[%clk 1:09:09]} 42. Kxd5 {[%clk
0:15:44]} Bc6+ {[%clk 1:09:30]} 43. Kd6 {[%clk 0:16:02]} Kb8 {[%clk 1:09:11]}
44. Rxh3 {[%clk 0:15:29]} Rxc3 {[%clk 1:09:00]} 45. Rh8+ {[%clk 0:15:47]} Ka7
{[%clk 1:09:17]} 46. Ne5 {[%clk 0:15:33]} a5 {[%clk 1:06:39]} 47. Rc8 {[%clk
0:15:47]} a4 {[%clk 1:05:49]} 48. Rh8 {[%clk 0:13:12]} a3 {[%clk 1:05:18]} 49.
Rh2 {[%clk 0:13:33]} Be4 {[%clk 1:04:37]} 50. Re2 {[%clk 0:11:26]} Bb1 {[%clk
1:04:05]} 0-1

[Event "DVM U14w 2014"]
[Site "Regensburg GER"]
[Date "2014.12.28"]
[Round "3"]
[White "Von Jan, Lena"]
[Black "Geletzke, Hannah"]
[Result "1-0"]
[Termination "normal"]
[Board "1.4"]
[WhiteElo "1337"]
[BlackElo "1387"]
[WhiteClock "00:03:42"]
[BlackClock "00:30:17"]
[WhiteTeam "SV Muldental Wilkau-Haßlau"]
[BlackTeam "SV Empor Erfurt"]
[PlyCount "64"]
[WhiteFideId "12946060"]
[BlackFideId "12983330"]
[EventCountry "GER"]
[EventRounds "7"]
[EventType "team-swiss"]
[EventDate "2014.12.26"]

1. e4 {[%clk 1:30:59]} e5 {[%clk 1:30:53]} 2. Nf3 {[%clk 1:31:23]} Nc6 {[%clk
1:31:05]} 3. Bb5 {[%clk 1:31:46]} a6 {[%clk 1:30:48]} 4. Ba4 {[%clk 1:32:04]}
Nf6 {[%clk 1:30:28]} 5. d3 {[%clk 1:30:51]} b5 {[%clk 1:30:21]} 6. Bb3 {[%clk
1:31:02]} Be7 {[%clk 1:28:55]} 7. c3 {[%clk 1:28:44]} O-O {[%clk 1:26:28]} 8.
O-O {[%clk 1:25:37]} d5 {[%clk 1:23:32]} 9. Bc2 {[%clk 1:17:06]} Bg4 {[%clk
1:19:47]} 10. Nbd2 {[%clk 1:11:22]} Re8 {[%clk 1:11:12]} 11. Re1 {[%clk
1:05:56]} b4 {[%clk 1:02:51]} 12. h3 {[%clk 0:57:46]} Bh5 {[%clk 0:50:57]} 13.
Nf1 {[%clk 0:52:24]} Bg6 {[%clk 0:45:00]} 14. Ba4 {[%clk 0:45:17]} Qd6 {[%clk
0:40:53]} 15. Bxc6 {[%clk 0:44:07]} Qxc6 {[%clk 0:38:51]} 16. Nxe5 {[%clk
0:43:21]} Qb5 {[%clk 0:34:08]} 17. Nxg6 {[%clk 0:41:46]} hxg6 {[%clk 0:34:11]}
18. exd5 {[%clk 0:39:52]} Nxd5 {[%clk 0:30:49]} 19. c4 {[%clk 0:39:12]} Qa5
{[%clk 0:20:56]} 20. cxd5 {[%clk 0:36:25]} Qxd5 {[%clk 0:17:49]} 21. Bf4 {[%clk
0:26:21]} Qd4 {[%clk 0:11:41]} 22. Be5 {[%clk 0:24:29]} Qb6 {[%clk 0:10:29]}
23. Qc2 {[%clk 0:20:17]} Bh4 {[%clk 0:09:21]} 24. Bxc7 {[%clk 0:15:44]} Bxf2+
{[%clk 0:07:16]} 25. Qxf2 {[%clk 0:15:21]} Qxc7 {[%clk 0:07:01]} 26. Rac1
{[%clk 0:12:06]} Qd6 {[%clk 0:06:13]} 27. Qf3 {[%clk 0:09:32]} Qd4+ {[%clk
0:05:43]} 28. Qf2 {[%clk 0:07:36]} Qxd3 {[%clk 0:03:50]} 29. Red1 {[%clk
0:07:21]} Qb5 {[%clk 0:02:03]} 30. Qf3 {[%clk 0:05:46]} Qb6+ {[%clk 0:01:25]}
31. Kh1 {[%clk 0:05:34]} Qf6 {[%clk 0:00:47]} 32. Qb3 {[%clk 0:03:42]} Re2
{[%clk 0:30:17]} 1-0

[Event "DVM U14w 2014"]
[Site "Regensburg GER"]
[Date "2014.12.28"]
[Round "3"]
[White "Wächter, Nathalie"]
[Black "Halas, Julia"]
[Result "1-0"]
[Termination "normal"]
[Board "2.1"]
[WhiteElo "1843"]
[BlackElo "1624"]
[WhiteClock "00:14:55"]
[BlackClock "00:01:38"]
[WhiteTeam "TuRa Harksheide"]
[BlackTeam "SG Leipzig"]
[PlyCount "107"]
[WhiteFideId "12921033"]
[BlackFideId "12931810"]
[EventCountry "GER"]
[EventRounds "7"]
[EventType "team-swiss"]
[EventDate "2014.12.26"]

1. d4 {[%clk 1:30:58]} Nf6 {[%clk 1:30:55]} 2. Nf3 {[%clk 1:31:08]} g6 {[%clk
1:31:16]} 3. c4 {[%clk 1:31:29]} Bg7 {[%clk 1:31:33]} 4. Nc3 {[%clk 1:31:52]}
O-O {[%clk 1:31:49]} 5. e4 {[%clk 1:32:16]} d6 {[%clk 1:32:14]} 6. Be2 {[%clk
1:32:33]} Nbd7 {[%clk 1:27:44]} 7. O-O {[%clk 1:31:59]} e5 {[%clk 1:24:53]} 8.
dxe5 {[%clk 1:32:12]} dxe5 {[%clk 1:24:41]} 9. Qc2 {[%clk 1:31:52]} Qe7 {[%clk
1:17:19]} 10. Bg5 {[%clk 1:31:01]} c6 {[%clk 1:16:49]} 11. h3 {[%clk 1:26:09]}
Nc5 {[%clk 1:08:41]} 12. Rfd1 {[%clk 1:20:05]} Ne6 {[%clk 1:00:00]} 13. Be3
{[%clk 1:11:44]} Nh5 {[%clk 0:56:00]} 14. Bf1 {[%clk 1:05:27]} Bd7 {[%clk
0:47:35]} 15. a3 {[%clk 1:04:06]} Rfd8 {[%clk 0:44:46]} 16. b4 {[%clk 1:02:57]}
Be8 {[%clk 0:41:43]} 17. Ne2 {[%clk 0:40:52]} Nhf4 {[%clk 0:39:50]} 18. Rab1
{[%clk 0:40:16]} c5 {[%clk 0:25:56]} 19. Nc3 {[%clk 0:15:19]} Nd4 {[%clk
0:20:07]} 20. Nxd4 {[%clk 0:15:21]} cxd4 {[%clk 0:19:45]} 21. Bxf4 {[%clk
0:15:41]} exf4 {[%clk 0:17:33]} 22. Nd5 {[%clk 0:15:59]} Qe5 {[%clk 0:16:35]}
23. Qd2 {[%clk 0:11:11]} g5 {[%clk 0:09:48]} 24. Qe2 {[%clk 0:08:29]} f6 {[%clk
0:08:56]} 25. Qd3 {[%clk 0:07:13]} Bg6 {[%clk 0:08:27]} 26. Qxd4 {[%clk
0:06:16]} Bxe4 {[%clk 0:08:14]} 27. Qxe5 {[%clk 0:05:13]} fxe5 {[%clk 0:08:42]}
28. Rbc1 {[%clk 0:05:09]} Kf7 {[%clk 0:06:58]} 29. Be2 {[%clk 0:05:07]} Rac8
{[%clk 0:06:15]} 30. Bg4 {[%clk 0:04:58]} Rc6 {[%clk 0:04:30]} 31. Bh5+ {[%clk
0:04:17]} Kf8 {[%clk 0:04:30]} 32. Nc3 {[%clk 0:02:28]} Rxd1+ {[%clk 0:04:45]}
33. Nxd1 {[%clk 0:02:42]} b6 {[%clk 0:03:59]} 34. Be2 {[%clk 0:02:16]} Bd5
{[%clk 0:02:08]} 35. f3 {[%clk 0:01:05]} e4 {[%clk 0:02:03]} 36. fxe4 {[%clk
0:01:12]} Bxe4 {[%clk 0:02:24]} 37. Bf3 {[%clk 0:00:59]} Bd4+ {[%clk 0:02:24]}
38. Nf2 {[%clk 0:00:45]} Bxf3 {[%clk 0:01:18]} 39. gxf3 {[%clk 0:01:13]} Rd6
{[%clk 0:00:55]} 40. Rc2 {[%clk 0:00:52]} Be3 {[%clk 0:00:47]} 41. Kf1 {[%clk
0:26:26]} Rd2 {[%clk 0:24:16]} 42. Rxd2 {[%clk 0:26:47]} Bxd2 {[%clk 0:24:41]}
43. Ne4 {[%clk 0:25:18]} Bc1 {[%clk 0:21:37]} 44. Nxg5 {[%clk 0:25:03]} h6
{[%clk 0:18:15]} 45. Ne6+ {[%clk 0:23:57]} Ke7 {[%clk 0:17:58]} 46. Nd4 {[%clk
0:24:01]} Bxa3 {[%clk 0:17:07]} 47. b5 {[%clk 0:20:44]} Kd6 {[%clk 0:13:59]}
48. Ke2 {[%clk 0:20:48]} Bb2 {[%clk 0:09:33]} 49. Kd3 {[%clk 0:18:29]} h5
{[%clk 0:09:25]} 50. Nf5+ {[%clk 0:16:15]} Kc5 {[%clk 0:07:46]} 51. Ne7 {[%clk
0:15:35]} Be5 {[%clk 0:01:10]} 52. Nc6 {[%clk 0:15:33]} a5 {[%clk 0:01:15]} 53.
Nxe5 {[%clk 0:15:07]} a4 {[%clk 0:01:38]} 54. Kc3 {[%clk 0:14:55]} *

[Event "DVM U14w 2014"]
[Site "Regensburg GER"]
[Date "2014.12.28"]
[Round "3"]
[White "Schmidt, Alexandra"]
[Black "Köhler, Inken"]
[Result "0-1"]
[Termination "normal"]
[Board "2.2"]
[WhiteElo "1508"]
[BlackElo "1740"]
[WhiteClock "00:21:54"]
[BlackClock "00:56:39"]
[WhiteTeam "SG Leipzig"]
[BlackTeam "TuRa Harksheide"]
[PlyCount "92"]
[WhiteFideId "12946036"]
[BlackFideId "12929301"]
[EventCountry "GER"]
[EventRounds "7"]
[EventType "team-swiss"]
[EventDate "2014.12.26"]

1. e4 {[%clk 1:30:59]} c5 {[%clk 1:30:54]} 2. Nc3 {[%clk 1:31:25]} e6 {[%clk
1:31:07]} 3. f4 {[%clk 1:31:46]} d5 {[%clk 1:30:40]} 4. Bb5+ {[%clk 1:30:38]}
Nc6 {[%clk 1:30:20]} 5. Bxc6+ {[%clk 1:30:35]} bxc6 {[%clk 1:30:40]} 6. d3
{[%clk 1:30:46]} Ne7 {[%clk 1:24:31]} 7. Nf3 {[%clk 1:26:03]} Ng6 {[%clk
1:22:22]} 8. O-O {[%clk 1:21:49]} Bd6 {[%clk 1:22:05]} 9. e5 {[%clk 1:16:24]}
Be7 {[%clk 1:18:22]} 10. Ne2 {[%clk 0:56:13]} O-O {[%clk 1:17:10]} 11. c4
{[%clk 0:50:25]} Ba6 {[%clk 1:12:35]} 12. b3 {[%clk 0:49:51]} f6 {[%clk
1:08:44]} 13. Bb2 {[%clk 0:38:01]} Rb8 {[%clk 1:07:16]} 14. Qc2 {[%clk
0:35:23]} Qc7 {[%clk 1:05:08]} 15. exf6 {[%clk 0:30:42]} Bxf6 {[%clk 1:04:42]}
16. Bxf6 {[%clk 0:30:13]} Rxf6 {[%clk 1:05:02]} 17. g3 {[%clk 0:30:29]} e5
{[%clk 1:01:32]} 18. Nxe5 {[%clk 0:26:10]} Nxe5 {[%clk 1:01:48]} 19. fxe5
{[%clk 0:26:25]} Rxf1+ {[%clk 1:00:45]} 20. Rxf1 {[%clk 0:26:44]} Qxe5 {[%clk
1:01:10]} 21. Qd2 {[%clk 0:24:59]} Re8 {[%clk 0:51:22]} 22. Qf4 {[%clk
0:19:40]} Qe3+ {[%clk 0:44:36]} 23. Qf2 {[%clk 0:16:15]} Bc8 {[%clk 0:41:57]}
24. cxd5 {[%clk 0:13:14]} cxd5 {[%clk 0:40:57]} 25. Qxe3 {[%clk 0:13:19]} Rxe3
{[%clk 0:41:18]} 26. Nf4 {[%clk 0:13:25]} Bb7 {[%clk 0:35:05]} 27. Kf2 {[%clk
0:11:12]} d4 {[%clk 0:32:52]} 28. Re1 {[%clk 0:10:41]} Rxe1 {[%clk 0:32:06]}
29. Kxe1 {[%clk 0:11:04]} Kf7 {[%clk 0:32:29]} 30. Kd2 {[%clk 0:09:44]} Kf6
{[%clk 0:32:25]} 31. Nh5+ {[%clk 0:09:15]} Kg6 {[%clk 0:32:24]} 32. Nf4+ {[%clk
0:09:40]} Kf5 {[%clk 0:32:46]} 33. h3 {[%clk 0:06:46]} g5 {[%clk 0:32:19]} 34.
Ne2 {[%clk 0:06:44]} h5 {[%clk 0:31:26]} 35. Ng1 {[%clk 0:05:36]} h4 {[%clk
0:31:00]} 36. gxh4 {[%clk 0:04:38]} gxh4 {[%clk 0:31:21]} 37. Ke2 {[%clk
0:04:45]} Kf4 {[%clk 0:30:18]} 38. Kf2 {[%clk 0:04:50]} Ba6 {[%clk 0:23:56]}
39. Nf3 {[%clk 0:05:15]} Bxd3 {[%clk 0:24:13]} 40. Nxh4 {[%clk 0:05:27]} Be4
{[%clk 0:24:34]} 41. Ng2+ {[%clk 0:24:18]} Bxg2 {[%clk 0:54:55]} 42. Kxg2
{[%clk 0:24:42]} Ke3 {[%clk 0:55:19]} 43. Kf1 {[%clk 0:22:46]} Kd2 {[%clk
0:55:29]} 44. h4 {[%clk 0:21:19]} d3 {[%clk 0:55:48]} 45. h5 {[%clk 0:21:33]}
Kc2 {[%clk 0:56:14]} 46. h6 {[%clk 0:21:54]} d2 {[%clk 0:56:39]} 0-1

[Event "DVM U14w 2014"]
[Site "Regensburg GER"]
[Date "2014.12.28"]
[Round "3"]
[White "Janke, Luisa"]
[Black "Oswald, Lena"]
[Result "1-0"]
[Termination "normal"]
[Board "2.3"]
[WhiteElo "1369"]
[BlackElo "1313"]
[WhiteClock "01:10:20"]
[BlackClock "00:21:39"]
[WhiteTeam "TuRa Harksheide"]
[BlackTeam "SG Leipzig"]
[PlyCount "109"]
[WhiteFideId "12925225"]
[BlackFideId "12983314"]
[EventCountry "GER"]
[EventRounds "7"]
[EventType "team-swiss"]
[EventDate "2014.12.26"]

1. Nf3 Nf6 2. g3 d5 3. Bg2 Nc6 4. c3 e5 5. d4 exd4 6. Nxd4 Be7 7. O-O O-O 8.
Bf4 Nxd4 9. Qxd4 c5 10. Qd3 d4 11. Rd1 dxc3 12. Nxc3 Qxd3 13. Rxd3 a6 14. Rad1
Ra7 15. Nd5 {[%clk 1:10:33]} Nxd5 {[%clk 0:42:10]} 16. Rxd5 {[%clk 1:10:20]}
Be6 17. Re5 b6 18. b3 h6 19. Bd5 Rd8 20. Rd2 Bxd5 21. Rexd5 Rxd5 22. Rxd5 Kf8
23. Bd6 Rd7 24. Bxe7+ Kxe7 25. Rxd7+ Kxd7 26. f4 b5 {[%clk 0:21:39]} 27. Kf1
Ke6 28. e4 Kd6 29. Ke2 c4 30. bxc4 bxc4 31. Ke3 Kc5 32. a3 a5 33. g4 a4 34. h4
c3 35. Kd3 c2 36. Kxc2 Kd4 37. e5 Ke4 38. Kc3 Kxf4 39. Kb4 Kxe5 40. Kxa4 Kd6
41. Kb5 Kc7 42. Ka6 g6 43. Kb5 Kd6 44. a4 f5 45. gxf5 gxf5 46. Kc4 Ke5 47. Kd3
f4 48. Ke2 Ke4 49. Kf2 f3 50. a5 Kd5 51. Kxf3 Kc5 52. Kf4 Kb5 53. Kf5 Kxa5 54.
Kg6 h5 55. Kxh5 1-0

[Event "DVM U14w 2014"]
[Site "Regensburg GER"]
[Date "2014.12.28"]
[Round "3"]
[White "Kahle, Leonie"]
[Black "Giede, Anna-Blume"]
[Result "1/2-1/2"]
[Termination "normal"]
[Board "2.4"]
[WhiteElo "1365"]
[BlackElo "1471"]
[WhiteClock "00:28:46"]
[BlackClock "00:29:52"]
[WhiteTeam "SG Leipzig"]
[BlackTeam "TuRa Harksheide"]
[PlyCount "88"]
[WhiteFideId "12983306"]
[BlackFideId "12921980"]
[EventCountry "GER"]
[EventRounds "7"]
[EventType "team-swiss"]
[EventDate "2014.12.26"]

1. e4 {[%clk 1:30:59]} g6 {[%clk 1:30:57]} 2. d4 {[%clk 1:31:12]} c6 {[%clk
1:31:22]} 3. Nf3 {[%clk 1:31:02]} Bg7 {[%clk 1:31:21]} 4. Nc3 {[%clk 1:29:37]}
d5 {[%clk 1:30:44]} 5. exd5 {[%clk 1:29:13]} cxd5 {[%clk 1:31:00]} 6. Nb5
{[%clk 1:15:24]} a6 {[%clk 1:29:02]} 7. Na3 {[%clk 1:15:32]} Nc6 {[%clk
1:18:26]} 8. Be3 {[%clk 1:05:20]} Nh6 {[%clk 1:07:58]} 9. c3 {[%clk 0:59:43]}
O-O {[%clk 0:58:55]} 10. h3 {[%clk 0:55:13]} Nf5 {[%clk 0:52:57]} 11. Bd3
{[%clk 0:51:57]} Nd6 {[%clk 0:46:34]} 12. O-O {[%clk 0:45:12]} Bf5 {[%clk
0:42:09]} 13. Qb1 {[%clk 0:38:26]} Rc8 {[%clk 0:35:23]} 14. Bxf5 {[%clk
0:35:07]} Nxf5 {[%clk 0:35:37]} 15. Qd3 {[%clk 0:32:44]} Nd6 {[%clk 0:32:30]}
16. Bf4 {[%clk 0:28:59]} Na5 {[%clk 0:23:29]} 17. Bxd6 {[%clk 0:24:16]} Qxd6
{[%clk 0:23:48]} 18. Rfe1 {[%clk 0:22:51]} e6 {[%clk 0:21:48]} 19. Nd2 {[%clk
0:19:31]} b5 {[%clk 0:19:11]} 20. Rac1 {[%clk 0:19:01]} Nc4 {[%clk 0:19:02]}
21. Naxc4 {[%clk 0:18:16]} bxc4 {[%clk 0:19:25]} 22. Qb1 {[%clk 0:18:18]} Rb8
{[%clk 0:18:43]} 23. b3 {[%clk 0:18:39]} cxb3 {[%clk 0:18:43]} 24. axb3 {[%clk
0:19:00]} Rfc8 {[%clk 0:18:33]} 25. Qa2 {[%clk 0:17:44]} Rb6 {[%clk 0:17:12]}
26. Nf3 {[%clk 0:16:34]} Rcb8 {[%clk 0:16:16]} 27. Rb1 {[%clk 0:16:45]} Rc8
{[%clk 0:15:58]} 28. Rec1 {[%clk 0:16:58]} Rbc6 {[%clk 0:15:40]} 29. Qd2 {[%clk
0:14:53]} Qc7 {[%clk 0:14:57]} 30. c4 {[%clk 0:09:34]} dxc4 {[%clk 0:13:53]}
31. bxc4 {[%clk 0:09:24]} Rxc4 {[%clk 0:13:29]} 32. Re1 {[%clk 0:08:39]} Qd6
{[%clk 0:11:41]} 33. Rbd1 {[%clk 0:08:15]} Rd8 {[%clk 0:10:47]} 34. Re4 {[%clk
0:07:19]} Qb4 {[%clk 0:05:43]} 35. Qxb4 {[%clk 0:04:14]} Rxb4 {[%clk 0:06:11]}
36. Kh1 {[%clk 0:02:33]} a5 {[%clk 0:02:26]} 37. Ra1 {[%clk 0:01:33]} Rd5
{[%clk 0:02:05]} 38. Kg1 {[%clk 0:01:55]} Kf8 {[%clk 0:01:44]} 39. Kf1 {[%clk
0:01:43]} Kg8 {[%clk 0:00:47]} 40. Kg1 {[%clk 0:00:57]} Bxd4 {[%clk 0:00:39]}
41. Nxd4 {[%clk 0:01:17]} Rbxd4 {[%clk 0:00:43]} 42. Rxd4 {[%clk 0:01:34]} Rxd4
{[%clk 0:01:10]} 43. Rxa5 {[%clk 0:01:56]} Kg7 {[%clk 0:01:02]} 44. Ra7 {[%clk
0:28:46]} Kf6 {[%clk 0:29:52]} 1/2-1/2

[Event "DVM U14w 2014"]
[Site "Regensburg GER"]
[Date "2014.12.28"]
[Round "3"]
[White "Poetsch, Leonore"]
[Black "Mönster, Madita"]
[Result "0-1"]
[Termination "normal"]
[Board "3.1"]
[WhiteElo "1603"]
[BlackElo "1602"]
[WhiteTeam "SK Langen"]
[BlackTeam "SK Nordhorn-Blanke"]
[PlyCount "58"]
[WhiteFideId "12940372"]
[BlackFideId "12947156"]
[EventCountry "GER"]
[EventRounds "7"]
[EventType "team-swiss"]
[EventDate "2014.12.26"]

1. e4 {[%emt 0:00:00]} c5 2. c3 Nf6 3. e5 Nd5 4. d4 cxd4 5. cxd4 d6 6. Nf3 Nc6
7. Bd2 Bg4 8. exd6 Qxd6 9. Bb5 e6 10. Nc3 Be7 11. h3 Bh5 12. O-O O-O 13. Ne4
Bxf3 14. Qxf3 Nxd4 15. Qd3 Qb6 16. Bc4 Rfd8 17. a4 Nb4 18. Qc3 Qc6 19. Ng3 Ndc2
20. Rac1 Bf6 21. Bb5 Bxc3 22. Bxc6 Bxd2 23. Bxb7 Rab8 24. Rcd1 Rxb7 25. Ne4
Rbd7 26. Nc5 Rd5 27. Ne4 Ne3 28. Rxd2 Nxf1 29. Rxd5 exd5 0-1